Agroquímica II

Bibliographic Details
Main Author: Yagodinv, B.A.
Format: Section = Libro
Language:Undetermined
Spanish
Published: Moscú Mir Moscú 1982
Subjects:
LEADER 00409nam a2200169Ia 4500
008 240829s9999 xx 000 0 und d
040 |a BIBLIOTECA-RUPAP 631.8 Y13 
041 |a spa 
082 |a 631.8 Y13 
100 1 |a Yagodinv, B.A. 
245 1 0 |a Agroquímica II 
260 |a Moscú  |b Mir Moscú  |c 1982 
300 |a 464 p. :il. 
650 7 |a AGROQUIMICA. I. Tít. 
942 |c BK  |2 ddc 
991 |a TEXTO 
999 |c 9707